000 00390nam a2200145Ia 4500
005 20240814115944.0
008 240813s9999||||xx |||||||||||||| ||und||
082 _a551 AGE
100 _aAger, D.V.
245 0 _aIntroducing geology: The earth's crust considered as history
260 _aLondon
_bFaber and Faber
_c1961
300 _a243p
650 _aEarth Sciences (Geology)
942 _cBK
999 _c9734
_d9734